| 000 | 00487nam a22001817a 4500 | ||
|---|---|---|---|
| 003 | CEME | ||
| 005 | 20210628205148.0 | ||
| 008 | 210301b xxu||||| |||| 00| 0 eng d | ||
| 020 | _a1-56091-183-2 | ||
| 040 | _c. | ||
| 082 | _a629.2-SAE FRO'S | ||
| 100 |
_aSae _95234 |
||
| 245 | _aProceedings of the 5th automotive corrosion and prevention conference | ||
| 260 |
_aUSA _bSAE _c1991 |
||
| 300 | _a384P | ||
| 650 |
_a ACC NO-27329 ACC NO-30849 ACC NO-28025 _974218 |
||
| 942 |
_cBK _2ddc |
||
| 999 |
_c579780 _d579780 |
||